Score 0/20 Timer 08:00
0 Plays Today
column % Correct
Freddie Mercury
88.7%
Fergie
82.6%
Farrah Fawcett
81.2%
Fidel Castro
78.1%
Franklin Delano Roosevelt
75.1%
Fabio
70.5%
Frankie Muniz
70.4%
Frida Kahlo
66.3%
Forest Whitaker
63.9%
Faith Hill
59.2%
column % Correct
Faye Dunaway
55.9%
Florence Henderson
55.8%
Francis Ford Coppola
52.5%
Floyd Mayweather, Jr.
48.9%
Fiona Apple
47.3%
Felicity Huffman
44%
Fantasia Barrino
40.3%
Flea
28.8%
Flip Wilson
26.9%
Fess Parker
24.4%
Remove Ads.
Support Sporcle.
Get the best of Sporcle when you Go Orange. This ad-free experience offers more features, more stats, and more fun while also helping to support Sporcle. Thank you for becoming a member.

You're not logged in!

Compare scores with friends on all Sporcle quizzes.
OR
Log In

Show Comments

Extras

Top Quizzes Today


Score Distribution

Your Account Isn't Verified!

In order to create a playlist on Sporcle, you need to verify the email address you used during registration. Go to your Sporcle Settings to finish the process.

Report this User

Report this user for behavior that violates our Community Guidelines.

Details: